000 00625nam a2200253 a 4500
001 nice12345678
003 IN_TiNIC
005 20260116015215.0
008 050524s1992 oxfa grp 000 0 eng
020 _a
_c100
082 0 0 _a956.94
_bCHA
100 _aChapman, Colin
245 _aWhose Promised Land
_b Israel Or Palestine
260 _aOxford
_bLion Paper Back
_c1992
300 _a287p
500 _aincludes index and biblioraphy
505 2 _abibliography
650 _aIsrael-History
650 _aPalestine-History
700 1 _aChapman, Colin
902 _bSRS
942 _cBK
999 _c18758
_d18758